| 000 | 00990cam a22003135i 4500 | ||
|---|---|---|---|
| 001 | 23062840 | ||
| 003 | EG-ScBUE | ||
| 005 | 20230926103047.0 | ||
| 008 | 230412s2022 enka f 000 0 eng d | ||
| 020 | _a9781789099027 | ||
| 040 |
_aDLC _beng _erda _cDLC _dEG-ScBUE |
||
| 082 | 0 | 4 |
_222 _a777.7 _bHUE |
| 100 | 1 |
_aHueso, Noela, _eauthor. |
|
| 245 | 1 | 4 |
_aThe art and making of Luck / _cwritten by Noela Hueso. |
| 250 | _aFirst edition. | ||
| 264 | 1 |
_aLondon : _bTitan Books, _c2022. |
|
| 300 |
_a176 pages : _billustrations ; _c28 cm |
||
| 336 |
_atext _2rdacontent _btxt |
||
| 336 |
_astill image _2rdacontent _btxt |
||
| 337 |
_aunmediated _2rdamedia _bn |
||
| 338 |
_avolume _2rdacarrier _bnc |
||
| 630 | 0 | 7 |
_aLuck (Motion picture) _2BUEsh |
| 650 | 7 |
_aComputer animation. _2BUEsh |
|
| 653 |
_cSeptember2023 _bART _2IA |
||
| 655 | _vReading book | ||
| 906 |
_a0 _bibc _corigres _d2 _encip _f20 _gy-gencatlg |
||
| 942 |
_2ddc _cBB |
||
| 999 |
_c30586 _d30557 |
||